000 00272nam a2200109Ia 4500
005 20251222153521.0
008 251222s9999||||xx |||||||||||||| ||spa||
082 _a155.45/B45
100 _a"Bernardes Solymos, Gisela Maria"
245 0 _aAbordaje psicolégico
942 _cLIB
999 _c29734
_d29734